000
00283nam a22001097a 4500
999
_c
161338
_d
161338
082
_a
_b
100
_a
Padmavadi S K
245
_a
Dhinakar:
_b
vyakthithan avam krithithau/
_c
by Padmavadi S K.
260
_a
New Delhi:
_b
Jawaharlal Nehru Memorial Fund,
_c
650
_a
942
_c
BK